000 00576nam a2200193Ia 4500
008 151121s9999||||xx |||||||||||||| ||und||
082 _a813-/गुंदेक
082 _bHNW-58634
100 _aगुंदेकर श्रीराम
245 _aउचल
260 _b"प्रतिमा प्रकाशन, पुणे।"
260 _c--
300 _a165
600 _aगुंदेकर श्रीराम
630 _aउचल
700 _aगुंदेकर श्रीराम
730 _aउचल
942 _cBOOK
999 _c1240431
_d1240428